Historical Austrians - Statistics

General Stats
  • This quiz has been taken 137 times
  • The average score is 7 of 16
Answer Stats
Hint Answer % Correct
Chancellor of Nazi Germany Adolf Hitler
98%
Founder of psychoanalysis and the theory of unconsciousness Sigmund Freud
97%
Composed over 600 pieces of work, including his unfinished piece of "Requiem" Wolfgang Amadeus Mozart
97%
He was assassinated in Sarajevo on June 28th, 1914 Franz Ferdinand
93%
Empress of France who was famously executed by a guillotine Marie Antoinette
89%
Founder of modern genetics; established many rules of heredity Gregor Mendel
47%
Mentor of the above and Beethoven; "Father of the Symphony" Joseph Haydn
46%
Queen who successfully obtained Hungary's help and defended Austria from a weaken state Maria Theresa
45%
One of the longest reigning monarchs in history; declared war on the Kingdom of Serbia in 1914 Franz Joseph I
42%
Automotive engineer who developed a car company and created the first gasoline-electric hybrid automobile Ferdinand Porsche
14%
"Father of the Republic" Karl Renner
8%
Longest ruling Hapsburg Monarch, successfully recovered the majority of Hungary from the Ottoman Empire Leopold I
8%
Established the Habsburg Dynasty in Spain Maximilian I
7%
Composer known as "The Waltz King" Johann Strauss Jr.
6%
Chancellor of Austria that attempted to keep Austria separate from Nazi Germany Kurt Schuschnigg
6%
Developed the method of statistical mechanics, a pillar of modern physics Ludwig Boltzmann
3%
No matching quizzes found
Score Distribution
Percent of People with Each Score
Percentile by Number Answered
Your Score History
You have not taken this quiz